| 000 | 00432cam a2200169ua 4500 | ||
|---|---|---|---|
| 041 |
_aeng _h |
||
| 082 |
_a691 _bDES/EN |
||
| 100 | _aDeshpande, R.S . | ||
| 245 |
_aEngineering materials for diploma students / _cR.S.Deshpande. _hTextual Documents |
||
| 250 |
_a2 / _b. |
||
| 260 |
_aPoona : _bUnited book corporation , _c1964. |
||
| 300 | _a232 ; . | ||
| 504 | _a | ||
| 942 | _cBK | ||
| 999 |
_c1483 _d1483 |
||